অচেনা অন্তঃপুর উনিশ শতকে বঙ্গীনারীর স্বাস্থ্যকথা / (Record no. 2596)

MARC details
000 -LEADER
fixed length control field 01096nam a2200241 a 4500
003 - CONTROL NUMBER IDENTIFIER
control field BD-DhJNU
005 - DATE AND TIME OF LATEST TRANSACTION
control field 20260129071333.0
008 - FIXED-LENGTH DATA ELEMENTS--GENERAL INFORMATION
fixed length control field 251108s2002 bg |||g |||| 000 1|ben|d
020 ## - INTERNATIONAL STANDARD BOOK NUMBER
International Standard Book Number 9789391230562
040 ## - CATALOGING SOURCE
Original cataloging agency BD-DhJNU
Language of cataloging ben
Transcribing agency BD-DhJNU
Modifying agency BD-DhJNU
041 ## - LANGUAGE CODE
Language code of text/sound track or separate title ben
082 ## - DEWEY DECIMAL CLASSIFICATION NUMBER
Classification number 305.420954 MUA
Edition number 23
100 ## - MAIN ENTRY--PERSONAL NAME
Personal name মুখোপাধ্যয়, সোমা
245 10 - TITLE STATEMENT
Title অচেনা অন্তঃপুর উনিশ শতকে বঙ্গীনারীর স্বাস্থ্যকথা /
Statement of responsibility, etc. সোমা মুখোপাধ্যয়
246 ## - VARYING FORM OF TITLE
Title proper/short title Achena antahpur unish shotoke bangonarir swasthakotha
250 ## - EDITION STATEMENT
Edition statement 1st ed.
260 ## - PUBLICATION, DISTRIBUTION, ETC.
Place of publication, distribution, etc. কলকাতা :
Name of publisher, distributor, etc. তবুও প্রয়াস,
Date of publication, distribution, etc. 2002.
300 ## - PHYSICAL DESCRIPTION
Extent ১২০ পৃ. :
Other physical details চিত্র ;
Dimensions ২২ সেমি.।
504 ## - BIBLIOGRAPHY, ETC. NOTE
Bibliography, etc. note গ্রন্থপঞ্জিগত নির্দেশিকা ও নিঘন্ট অন্তভূক্ত
650 ## - SUBJECT ADDED ENTRY--TOPICAL TERM
Topical term or geographic name entry element নারীর স্বাস্থ্য ও সমাজ
650 ## - SUBJECT ADDED ENTRY--TOPICAL TERM
Topical term or geographic name entry element Women’s health history
942 ## - ADDED ENTRY ELEMENTS (KOHA)
Koha item type Books
Holdings
Withdrawn status Lost status Source of classification or shelving scheme Damaged status Not for loan Collection Home library Current library Shelving location Date acquired Source of acquisition Total checkouts Full call number Barcode Date last seen Copy number Price effective from Koha item type
    Dewey Decimal Classification     Non-fiction Jagannath University Central Library Jagannath University Central Library General stacks 01/29/2026 Purchased   305.420954 MUA JNUCL36089 01/29/2026 1 01/29/2026 Books